000 00355nam a2200133Ia 4500
008 230917s9999||||xx |||||||||||||| ||und||
040 _e197803
_aMAIN
041 _aEnglish
082 _a373 Y1E
100 _aYadav, Shreepal Singh
245 0 _aEvaluation of History textbook of Senior Secondary School of Haryana State
300 _a93 p.
942 _cTH
999 _c51137
_d51137